Tous les clubs allemands ayant participés à la Ligue des Champions - Statistiques

Statistiques générales
  • Ce quiz a été pris 139 fois
  • Le résultat moyen est 15 sur 29
Statistiques - réponses
1er participation Dernière participation Nombres de participations Clubs % Correct
1969-70 2026-27 42 Bayern Munich
100%
1956-57 2026-27 24 Dortmund
100%
1997-98 2025-26 15 Leverkusen
94%
2017-18 2026-27 8 RB Leipzig
88%
1960-61 2006-07 6 Hambourg
86%
1984-85 2026-27 7 Stuttgart
83%
2009-10 2021-22 3 Wolfsbourg
80%
1958-59 2018-19 9 Schalke
79%
1965-66 2010-11 9 Werder Brême
76%
1970-71 2020-21 8 Mönchengladbach
74%
2023-24 2023-24 1 Union Berlin
74%
1959-60 2025-26 3 Eintracht Francfort
71%
1964-65 1978-79 2 Cologne
64%
1999-2000 1999-2000 1 Hertha Berlin
64%
2018-19 2018-19 1 Hoffenheim
53%
1961-62 1961-62 1 Nuremberg
52%
1966-67 1966-67 1 Munich 1860
46%
1971-72 1990-91 7 Dynamo Dresde
42%
1991-92 1998-99 2 Kaiserslautern
38%
1972-73 1975-76 3 Magdebourg
22%
1955-56 1955-56 1 Rot-Weiss Essen
17%
1970-71 1970-71 1 Carl Zeiss Iéna
15%
1991-92 1991-92 1 Hansa Rostock
12%
1955-56 1955-56 1 Sarrebruck
9%
1979-80 1987-88 9 BFC Dynamo
8%
1967-68 1967-68 1 Eintracht Brunswick
8%
1957-58 1960-61 3 Erzgebirge Aue
5%
1961-62 1969-70 3 Viktoria Francfort
2%
1967-68 1967-68 1 Chemnitzer
0%
Aucun quiz correspondant
Distribution des résultats
% des personnes avec chaque résultat
Percentile par nombre de réponses
Votre historique - résultats
Vous n’avez pas pris ce quiz